| 000 | 01643cam a2200349 a 4500 | ||
|---|---|---|---|
| 001 | 14169707 | ||
| 005 | 20060630113819.0 | ||
| 008 | 051116s2005 njua b 001 0 eng d | ||
| 010 | _a 2005357517 | ||
| 020 | _a0131593897 | ||
| 035 | _a(OCoLC)ocm58997556 | ||
| 040 |
_aH2K _cH2K _dBAKER _dCUV _dDLC |
||
| 042 | _alccopycat | ||
| 050 | 0 | 0 |
_aHA32 _b.N65148 2005 |
| 082 | 0 | 0 |
_a300.727 _222 _bNOR |
| 100 | 1 |
_aNorusis, M. J. _q(Marija J.), _d1948- _94286 |
|
| 245 | 1 | 0 |
_aSPSS 15.0 guide to data analysis / _cMarija J. Norusis. |
| 246 | 3 | 0 | _aGuide to data analysis |
| 260 |
_aUpper Saddle River, N.J. : _bPrentice Hall, _c2006 |
||
| 300 |
_axviii, 651 p. : _bill. ; _c23 cm. + _e1 CD-ROM (4 3/4 in.) |
||
| 504 | _aIncludes bibliographical references (p. 641-642) and index. | ||
| 538 | _aSystem requirements of accompanying CD-ROM: Windows 98, Me, XP or Windows 2000. | ||
| 630 | 0 | 0 |
_aSPSS for Windows. _94287 |
| 630 | 0 | 0 |
_aSPSS (Computer file) _94288 |
| 650 | 0 |
_aSocial sciences _xComputer programs. _94289 |
|
| 650 | 0 |
_aSocial sciences _xStatistical methods. _94290 |
|
| 710 | 2 |
_aSPSS Inc. _94291 |
|
| 942 |
_2ddc _cBB |
||
| 999 |
_c11432 _d11432 |
||